Представление документа в формате RUSMARC

ПолеНазваниеЗначение
  Тип записи a
  Библиографический уровень a
001 Контрольный номер UONB/MAIN/053bdbdcbd7941678a61ed606c589306
005 Дата корректировки 20260305120000.8
100 Данные общей обработки __
a Данные общей обработки 20260305 ||| 0rusy0189 ca
101 Язык документа 0_
a Язык текста rus
102 Страна публикации __
a Страна публикации RU
200 Заглавие и сведения об ответственности 1_
a Заглавие Сенгилеевский краеведческий музей
203 Вид содержания и тип средства __
a Вид содержания Текст
b Характеристика содержания визуальный
c Тип средства непосредственный
215 Физическое описание __
c Иллюстрации/тип воспроизводства ил., портр.
330 Аннотация __
a Аннотация История Сенгилеевского краеведческого музея.
461 Уровень набора _0
1 2000
a Волжские зори
463 Уровень физической единицы _0
1 2000
a № 9 (7159) (27 февраля)
v С. 10
1 2101
d 2026
1 001UONB/MAIN/a202845f99344b6a8a677e663209bb52
600 Персоналии _1
a Персоналии (Фамилия) Солуянов
b Персоналии (Имя, инициалы) А. И.
g Полное имя Александр Иванович
601 Наименование организации как предмет 02
a Наименование организации как предмет Сенгилеевский районный краеведческий музей им. А. И. Солуянова
607 Географические рубрики __
a Географическое наименование Сенгилей, город (Сенгилеевский район ; Ульяновская область)
610 Ключевые слова 0_
a Ключевые слова музеи; музеи краеведческие; музеи народные; история музеев
686 Индексы других классификаций __
2 Код системы rubbk
a Классификационный индекс 79.140.675
801 Источник записи _0
a Страна RU
b Организация Ульяновская ОНБ
c Дата составления 20260305
g Правила каталогизации RCR
801 Источник записи _1
a Страна RU
b Организация Ульяновская ОНБ
c Дата составления 20260305
g Правила каталогизации RCR
901 Тип документа __
t Тип документа f
w Контрольный № источника UONB/MAIN/a202845f99344b6a8a677e663209bb52
909 Создатель записи __
a Создатель записи Мухаметжанова
b Дата создания записи 20260305